000 01434nam a2200385 i 4500
001 ELB118652
003 FINmELB
005 20250326042959.0
006 m o u
007 cr cn|||||||||
008 191210s2017 ec ob 000 0 spa d
020 _a9789942063724
_q(e-book)
035 _a(OCoLC)1134695324
040 _aFINmELB
_bspa
_erda
_cFINmELB
050 1 4 _aKHK330
_bR768 2017
080 _a34(866)
082 0 4 _a349.866
_223
100 1 _aRon Cadena, Juan Carlos.
245 1 3 _aEl procedimiento ordinario en el Código Orgánico General de Procesos /
_cJuan Carlos Ron Cadena.
264 1 _aQuito :
_bCorporación de Estudios y Publicaciones,
_c2017.
300 _a1 recurso en línea (93 páginas)
336 _atexto
_btxt
_2rdacontent/spa
337 _acomputadora
_bc
_2rdamedia/spa
338 _arecurso en línea
_bcr
_2rdacarrier/spa
504 _aContiene bibliografía.
588 _aDescripción basada en metadatos suministrados por el editor y otras fuentes.
590 _aRecurso electrónico. Santa Fe, Arg.: elibro, 2019. Disponible vía World Wide Web. El acceso puede estar limitado para las bibliotecas afiliadas a elibro.
650 0 _aLaw
_zEcuador.
650 4 _aDerecho
_zEcuador.
655 4 _aLibros electrónicos.
797 2 _aelibro, Corp.
856 4 0 _uhttps://elibro.net/ereader/usam/118652
999 _c138460
_d138460